Шедевры русской живописи в музеях СССР: [альбом]

Dades bibliogràfiques
Altres autors: Ильина Т. В. (составитель)
Sumari:На французском языке
Idioma:francès
Publicat: Ленинград, Аврора, 1989
Matèries:
Format: MixedMaterials Llibre
KOHA link:https://koha.lib.tpu.ru/cgi-bin/koha/opac-detail.pl?biblionumber=352266

MARC

LEADER 00000nam0a2200000 4500
001 352266
005 20231102010501.0
010 |a 5730001509 
020 |a RU  |b 89-10925и 
035 |a (RuTPU)RU\TPU\retro\8701 
090 |a 352266 
100 |a 20191206d1989 m y0rusy5003 ca 
101 0 |a fre 
102 |a RU 
105 |a a z 001zy 
200 1 |a Шедевры русской живописи в музеях СССР  |e [альбом]  |f авт.-сост. Т. В. Ильина 
210 |a Ленинград  |c Аврора  |d 1989 
215 |a 295 с.  |c в основном ил., цв. ил.  |d 34 см 
300 |a На французском языке 
320 |a Библиогр.: с. 294-295 
606 1 |a Живопись  |2 stltpush  |3 (RuTPU)RU\TPU\subj\73461  |9 86457 
610 1 |a русская живопись 
610 1 |a музейные собрания 
610 1 |a СССР 
675 |a 75(084)  |z rus  |v 3 
702 1 |a Ильина  |b Т. В.  |4 220 
801 0 |a RU  |b RuMRKP  |c 19950417  |g psbo 
801 1 |a RU  |b 63413507  |c 20191206 
801 2 |a RU  |b 63413507  |c 20191209  |g RCR 
942 |c BK